|
|
|
|
| LEADER |
01593nam a2200325 a 4500 |
| 001 |
15157452 |
| 003 |
BD-DhAAL |
| 005 |
20250702150229.0 |
| 008 |
091112s2008 ii b 001 0 eng d |
| 010 |
|
|
|a 2008003873
|
| 020 |
|
|
|a 9780761936282 (paper back : alk. paper)
|
| 020 |
|
|
|a 9788178297927
|
| 040 |
|
|
|a DLC
|c DLC
|d DLC
|d BD-DhAAL
|
| 082 |
0 |
0 |
|a 658.4/080954
|2 22
|
| 100 |
1 |
|
|a Agarwal, Sanjay,
|c chartered accountant.
|9 58623
|
| 245 |
1 |
0 |
|a Corporate social responsibility in India /
|c by Sanjay K. Agarwal.
|
| 260 |
|
|
|a New Delhi ;
|a Thousand Oaks, Calif. :
|b SAGE Publications,
|c 2008.
|
| 300 |
|
|
|a 351 p. ;
|
| 504 |
|
|
|a Includes bibliographical references and index.
|
| 505 |
0 |
|
|a Introduction -- Triple bottom line -- CSR reports -- CSR projects -- Tax break on CSR expenses -- CSR report assurance.
|
| 526 |
|
|
|a BBS
|x Requisitioned by Faculties of BBS
Course name and no : N/A
|
| 541 |
1 |
|
|a Karim International
|e 00019550
|
| 650 |
|
0 |
|a Social responsibility of business
|z India.
|9 58624
|
| 650 |
|
0 |
|a Social responsibility of business
|z India
|v Case studies.
|9 58625
|
| 650 |
|
0 |
|a Industrial management
|x Social aspects
|z India.
|9 58626
|
| 650 |
|
0 |
|a Industrial management
|x Environmental aspects
|z India.
|9 58627
|
| 852 |
4 |
|
|a Ayesha Abed Library
|j General Shelf.
|
| 942 |
|
|
|2 ddc
|c BK
|
| 999 |
|
|
|c 5497
|d 5497
|
| 952 |
|
|
|0 0
|1 0
|2 ddc
|4 0
|6 658_408095400000000_AGA
|7 0
|9 5370
|a BRACUL
|b BRACUL
|c GEN
|d 2009-11-10
|e Karim International
|g 408.00
|l 1
|m 1
|o 658.4080954 AGA
|p 3010019550
|r 2013-04-18
|s 2013-01-17
|t 1
|v 416.00
|w 2009-11-15
|y BK
|x Requisitioned by Faculties of BBS. Course name and no. "not available".
|